<?xml version="1.0" encoding="UTF-8"?>
<record
    xmlns:xsi="http://www.w3.org/2001/XMLSchema-instance"
    xsi:schemaLocation="http://www.loc.gov/MARC21/slim http://www.loc.gov/standards/marcxml/schema/MARC21slim.xsd"
    xmlns="http://www.loc.gov/MARC21/slim">

  <leader>02343cam a22002535a 4500</leader>
  <controlfield tag="001">18298707</controlfield>
  <controlfield tag="005">20170326130325.0</controlfield>
  <controlfield tag="008">140911t2015    maua   frb    001 0 eng d</controlfield>
  <datafield tag="020" ind1=" " ind2=" ">
    <subfield code="a">9780124167148 (pbk.)</subfield>
  </datafield>
  <datafield tag="040" ind1=" " ind2=" ">
    <subfield code="a">DLC</subfield>
    <subfield code="b">eng</subfield>
    <subfield code="c">DLC</subfield>
    <subfield code="d">DLC</subfield>
    <subfield code="d">EG-ScBUE</subfield>
  </datafield>
  <datafield tag="082" ind1="0" ind2="4">
    <subfield code="a">621.317</subfield>
    <subfield code="b">ALT</subfield>
    <subfield code="2">22</subfield>
  </datafield>
  <datafield tag="245" ind1="0" ind2="0">
    <subfield code="a">Alternative energy in power electronics /</subfield>
    <subfield code="c">edited by Muhammad H. Rashid.</subfield>
  </datafield>
  <datafield tag="260" ind1=" " ind2=" ">
    <subfield code="a">Waltham ;</subfield>
    <subfield code="a">Oxford :</subfield>
    <subfield code="b">Butterworth-Heinemann / Elsevier,</subfield>
    <subfield code="c">c.2015.</subfield>
  </datafield>
  <datafield tag="300" ind1=" " ind2=" ">
    <subfield code="a">xiv, 363 p. :</subfield>
    <subfield code="b">ill. ;</subfield>
    <subfield code="c">23 cm.</subfield>
  </datafield>
  <datafield tag="500" ind1=" " ind2=" ">
    <subfield code="a">Index : p. 349-363.</subfield>
  </datafield>
  <datafield tag="504" ind1=" " ind2=" ">
    <subfield code="a">Includes bibliographical references.</subfield>
  </datafield>
  <datafield tag="505" ind1="8" ind2=" ">
    <subfield code="a">Machine generated contents note:  Power Electronics for Alternative Energy: An Overview of Technologies, Methods and Challenges Alternative Energy Sources Photovoltaic System Conversion Wind Turbine Applications High-Frequency Inverters for PV, Wind, Fuel Cells and Energy Storage Applications Energy Storage Electric Power Transmission .</subfield>
  </datafield>
  <datafield tag="520" ind1=" " ind2=" ">
    <subfield code="a">"In today's industrialized world, energy became vital to all human activities including manufacturing, data processing, heating, cooling, lighting, transportation, food processing, etc., yet it is invisible for most of us. Today's energy generation technologies are undergoing a paradigm shift; the solution to our current dilemma requires more renewable contribution as well as the more efficient utilization of conventional energy sources. Recognizing this importance, this chapter focuses on energy sources and energy generation technologies including, coal, hydroelectric, nuclear, solar, wind, ocean, and several others. Alternative energy technologies received great interest in recent years due to environmental impact, greenhouse gas emissions, national energy security, and increasing cost of fossil fuel based sources. With particular emphasis on renewable and alternative energy systems, characteristic features of the renewable energy sources have been reviewed. Since power electronics is a key enabling technology for renewable energy utilization, power electronic converters and interfaces that are used for grid interconnection and stand-alone operation have been presented"--</subfield>
  </datafield>
  <datafield tag="650" ind1=" " ind2="0">
    <subfield code="a">Power electronics.</subfield>
    <subfield code="2">BUEsh</subfield>
  </datafield>
  <datafield tag="651" ind1=" " ind2=" ">
    <subfield code="2">BUEsh</subfield>
  </datafield>
  <datafield tag="653" ind1=" " ind2=" ">
    <subfield code="b">ENGGEN</subfield>
    <subfield code="c">June2015</subfield>
    <subfield code="c">August2015</subfield>
  </datafield>
  <datafield tag="700" ind1="1" ind2=" ">
    <subfield code="a">Rashid, Muhammad H.</subfield>
    <subfield code="q">(Muhammad Harunur),</subfield>
    <subfield code="d">1945-</subfield>
    <subfield code="e">editor.</subfield>
  </datafield>
  <datafield tag="942" ind1=" " ind2=" ">
    <subfield code="2">ddc</subfield>
  </datafield>
  <datafield tag="999" ind1=" " ind2=" ">
    <subfield code="c">19808</subfield>
    <subfield code="d">19780</subfield>
  </datafield>
  <datafield tag="952" ind1=" " ind2=" ">
    <subfield code="0">0</subfield>
    <subfield code="1">0</subfield>
    <subfield code="2">ddc</subfield>
    <subfield code="4">0</subfield>
    <subfield code="7">0</subfield>
    <subfield code="8">Alahram</subfield>
    <subfield code="a">MAIN</subfield>
    <subfield code="b">MAIN</subfield>
    <subfield code="c">1ST</subfield>
    <subfield code="d">2015-06-22</subfield>
    <subfield code="e">Purchase</subfield>
    <subfield code="g">723.00</subfield>
    <subfield code="h">313</subfield>
    <subfield code="l">0</subfield>
    <subfield code="o">621.317 ALT</subfield>
    <subfield code="p">000038710</subfield>
    <subfield code="r">2025-07-15 00:00:00</subfield>
    <subfield code="v">903.75</subfield>
    <subfield code="y">BB</subfield>
  </datafield>
</record>
